000 00445cam a2200181ua 4500
020 _cRs 3.90
041 _aeng
_h
082 _a581.15
_bBON/HE
100 _aBonner, David M .
245 _aHeredity /
_cDavid M Bonner.
_hTextual Documents
250 _a1 /
_b.
260 _aNew Delhi :
_bPrentice Hall of India Pvt Ltd. ,
_c1963.
300 _a112 ; .
365 _aRs 3.90
504 _a
942 _cBK
999 _c1379
_d1379